ბათუმის შოთა რუსთაველის სახელმწიფო უნივერსიტეტის ბიბლიოთეკა

European union Law / (ბიბ.ჩანაწერი № 53670)

000 -LEADER
fixed length control field 00786nam a2200265Ia 4500
001 - CONTROL NUMBER
control field 20717
003 - CONTROL NUMBER IDENTIFIER
control field GE_BSU
005 - DATE AND TIME OF LATEST TRANSACTION
control field 20210307224843.0
008 - FIXED-LENGTH DATA ELEMENTS--GENERAL INFORMATION
fixed length control field 181216s2014||||xx |||||||||||||| ||eng||
020 ## - INTERNATIONAL STANDARD BOOK NUMBER
International Standard Book Number 9780199685615
040 ## - CATALOGING SOURCE
Transcribing agency GE_BSU
041 ## - LANGUAGE CODE
Language code of text/sound track or separate title eng
080 ## - UNIVERSAL DECIMAL CLASSIFICATION NUMBER
Universal Decimal Classification number 349(4) H-80
100 ## - MAIN ENTRY--PERSONAL NAME
Personal name Horspool, Margot.
9 (RLIN) 10374
245 ## - TITLE STATEMENT
Title European union Law /
Remainder of title Margot Horspool, Matthew Humphreys.
250 ## - EDITION STATEMENT
Edition statement Eighth edition
264 ## - PRODUCTION, PUBLICATION, DISTRIBUTION, MANUFACTURE, AND COPYRIGHT NOTICE
Place of production, publication, distribution, manufacture Oxford :
Name of producer, publisher, distributor, manufacturer Oxford university Press,
Date of production, publication, distribution, manufacture, or copyright notice 2014.
300 ## - PHYSICAL DESCRIPTION
Extent 526 p. ;
Dimensions 25 cm.
653 ## - INDEX TERM--UNCONTROLLED
keyword European union Law
653 ## - INDEX TERM--UNCONTROLLED
keyword Европейский союзный закон
653 ## - INDEX TERM--UNCONTROLLED
keyword ევროპის კავშირის კანონი
700 ## - ADDED ENTRY--PERSONAL NAME
Personal name Humphreys, Matthew
9 (RLIN) 9699
942 ## - ADDED ENTRY ELEMENTS (KOHA)
Koha item type წიგნი
Source of classification or shelving scheme
ეგზემპლარები
Withdrawn status Lost status Source of classification or shelving scheme Damaged status Not for loan Permanent Location Current Location Shelving location Date acquired Cost, normal purchase price Full call number Barcode Date last seen Copy number Price effective from Koha item type Public note
          ბათუმის შოთა რუსთაველის სახელმწიფო უნივერსიტეტის მთავარი ბიბლიოთეკა ბათუმის შოთა რუსთაველის სახელმწიფო უნივერსიტეტის მთავარი ბიბლიოთეკა წიგნსაცავი 2018-12-17 63.00 349(4) H-80 54022 2018-12-17 54022 2018-12-17 წიგნი 63.00 GEL.
          ბათუმის შოთა რუსთაველის სახელმწიფო უნივერსიტეტის მთავარი ბიბლიოთეკა ბათუმის შოთა რუსთაველის სახელმწიფო უნივერსიტეტის მთავარი ბიბლიოთეკა წიგნსაცავი 2018-12-17 63.00 349(4) H-80 54089 2018-12-17 54089 2018-12-17 წიგნი 63.00 GEL.